[Event "ODJM C 2024"]
[Site "Willingen GER"]
[Date "2024.05.21"]
[Round "4"]
[White "Wilke, Finja"]
[Black "Rose, Elias Bernd"]
[Result "1/2-1/2"]
[Termination "normal"]
[Board "23"]
[WhiteElo "1055"]
[BlackElo "1292"]
[WhiteClock "00:32:37"]
[BlackClock "00:07:38"]
[PlyCount "64"]
[WhiteFideId "16288360"]
[BlackFideId "34665730"]
[EventCountry "GER"]
[EventRounds "9"]
[EventType "swiss"]
[EventDate "2024.05.18"]

1. e4 {[%clk 01:30:58]} {[%emt 00:00:02]} e6 {[%clk 01:30:35]} {[%emt
00:00:25]} 2. d4 {[%clk 01:31:15]} {[%emt 00:00:12]} d5 {[%clk 01:30:50]}
{[%emt 00:00:16]} 3. exd5 {[%clk 01:30:58]} {[%emt 00:00:47]} exd5 {[%clk
01:31:12]} {[%emt 00:00:08]} 4. Be3 {[%clk 01:30:27]} {[%emt 00:01:01]} Bd6
{[%clk 01:28:14]} {[%emt 00:03:28]} 5. Nc3 {[%clk 01:28:40]} {[%emt 00:02:17]}
Nf6 {[%clk 01:19:37]} {[%emt 00:09:07]} 6. Nf3 {[%clk 01:27:27]} {[%emt
00:01:42]} O-O {[%clk 01:18:32]} {[%emt 00:01:36]} 7. g3 {[%clk 01:25:27]}
{[%emt 00:02:29]} Re8 {[%clk 01:15:02]} {[%emt 00:04:01]} 8. Qd2 {[%clk
01:22:51]} {[%emt 00:03:04]} Bf5 {[%clk 01:10:28]} {[%emt 00:05:06]} 9. Bg2
{[%clk 01:19:13]} {[%emt 00:04:06]} Bb4 {[%clk 01:05:17]} {[%emt 00:05:42]} 10.
O-O {[%clk 01:16:04]} {[%emt 00:03:39]} c6 {[%clk 00:57:27]} {[%emt 00:08:21]}
11. a3 {[%clk 01:09:26]} {[%emt 00:07:08]} Ne4 {[%clk 00:53:38]} {[%emt
00:04:18]} 12. Qe1 {[%clk 01:05:18]} {[%emt 00:04:38]} Nxc3 {[%emt 00:01:21]}
13. axb4 {[%clk 01:02:41]} {[%emt 00:03:05]} Nb5 {[%clk 00:51:27]} {[%emt
00:01:53]} 14. Qc1 {[%clk 00:59:47]} {[%emt 00:03:24]} Nd7 {[%clk 00:45:10]}
{[%emt 00:06:47]} 15. b3 {[%clk 00:59:49]} {[%emt 00:00:26]} Nd6 {[%clk
00:36:15]} {[%emt 00:09:27]} 16. c4 {[%clk 00:57:46]} {[%emt 00:02:31]} Bd3
{[%clk 00:33:04]} {[%emt 00:03:42]} 17. Re1 {[%clk 00:54:46]} {[%emt 00:03:15]}
dxc4 {[%clk 00:29:40]} {[%emt 00:04:10]} 18. bxc4 {[%clk 00:54:26]} {[%emt
00:00:50]} Bxc4 {[%clk 00:29:16]} {[%emt 00:00:54]} 19. Bg5 {[%clk 00:49:06]}
{[%emt 00:05:48]} f6 {[%clk 00:25:56]} {[%emt 00:03:51]} 20. Rxe8+ {[%clk
00:49:07]} {[%emt 00:00:29]} Qxe8 {[%clk 00:26:02]} {[%emt 00:00:25]} 21. Bf4
{[%clk 00:46:59]} {[%emt 00:02:33]} g5 {[%clk 00:19:06]} {[%emt 00:07:31]} 22.
Bxd6 {[%clk 00:46:47]} {[%emt 00:00:41]} Qe6 {[%clk 00:19:24]} {[%emt
00:00:12]} 23. h4 {[%clk 00:43:35]} {[%emt 00:03:41]} Bd5 {[%clk 00:18:21]}
{[%emt 00:01:35]} 24. Bc5 {[%clk 00:43:29]} {[%emt 00:00:35]} g4 {[%clk
00:16:53]} {[%emt 00:01:59]} 25. Ne1 {[%clk 00:41:38]} {[%emt 00:02:20]} b6
{[%clk 00:15:36]} {[%emt 00:01:48]} 26. Bxd5 {[%clk 00:40:57]} {[%emt
00:01:10]} cxd5 {[%clk 00:15:22]} {[%emt 00:00:44]} 27. Nd3 {[%clk 00:36:42]}
{[%emt 00:04:45]} bxc5 {[%clk 00:13:55]} {[%emt 00:01:58]} 28. bxc5 {[%clk
00:36:32]} {[%emt 00:00:39]} Qe4 {[%clk 00:12:27]} {[%emt 00:01:56]} 29. Qe3
{[%clk 00:35:06]} {[%emt 00:01:56]} Qxe3 {[%clk 00:10:35]} {[%emt 00:02:24]}
30. fxe3 {[%clk 00:35:02]} {[%emt 00:00:34]} f5 {[%clk 00:10:12]} {[%emt
00:00:54]} 31. Nb4 {[%clk 00:32:54]} {[%emt 00:02:38]} Nf6 {[%clk 00:09:54]}
{[%emt 00:00:48]} 32. Nc6 {[%clk 00:32:37]} {[%emt 00:00:46]} Re8 {[%clk
00:07:38]} {[%emt 00:02:45]} 1/2-1/2

[Event "ODJM C 2024"]
[Site "Willingen GER"]
[Date "2024.05.21"]
[Round "4"]
[White "Muhl, Jakob"]
[Black "Arndt, Alex"]
[Result "1-0"]
[Termination "normal"]
[Board "25"]
[WhiteElo "1043"]
[BlackElo "1173"]
[WhiteClock "00:41:18"]
[BlackClock "01:09:57"]
[PlyCount "53"]
[WhiteFideId "34635181"]
[BlackFideId "533001847"]
[EventCountry "GER"]
[EventRounds "9"]
[EventType "swiss"]
[EventDate "2024.05.18"]

1. e4 {[%clk 01:30:56]} {[%emt 00:00:02]} e6 {[%clk 01:30:54]} {[%emt
00:00:07]} 2. d4 {[%clk 01:31:14]} {[%emt 00:00:12]} d5 {[%clk 01:31:21]}
{[%emt 00:00:04]} 3. Bd3 {[%clk 01:31:30]} {[%emt 00:00:13]} c5 {[%clk
01:31:28]} {[%emt 00:00:24]} 4. exd5 {[%clk 01:31:14]} {[%emt 00:00:45]} exd5
{[%clk 01:31:47]} {[%emt 00:00:11]} 5. Nf3 {[%clk 01:30:28]} {[%emt 00:01:16]}
Nc6 {[%clk 01:31:54]} {[%emt 00:00:23]} 6. Be3 {[%clk 01:29:26]} {[%emt
00:01:31]} Qb6 {[%clk 01:32:04]} {[%emt 00:00:22]} 7. dxc5 {[%clk 01:27:04]}
{[%emt 00:02:52]} Bxc5 {[%clk 01:32:22]} {[%emt 00:00:11]} 8. Bxc5 {[%clk
01:26:50]} {[%emt 00:00:45]} Qxc5 {[%clk 01:32:43]} {[%emt 00:00:09]} 9. O-O
{[%clk 01:24:40]} {[%emt 00:02:40]} Nf6 {[%clk 01:31:27]} {[%emt 00:01:45]} 10.
Re1+ {[%clk 01:22:43]} {[%emt 00:02:27]} Be6 {[%clk 01:31:48]} {[%emt
00:00:09]} 11. Nc3 {[%clk 01:18:11]} {[%emt 00:05:01]} O-O-O {[%clk 01:29:41]}
{[%emt 00:02:38]} 12. a3 {[%clk 01:12:43]} {[%emt 00:05:59]} Ne4 {[%clk
01:28:45]} {[%emt 00:01:25]} 13. Nxe4 {[%clk 01:07:40]} {[%emt 00:05:33]} dxe4
{[%clk 01:28:42]} {[%emt 00:00:33]} 14. Rxe4 {[%clk 01:07:53]} {[%emt
00:00:17]} Bf5 {[%clk 01:23:54]} {[%emt 00:05:19]} 15. Re1 {[%clk 01:04:48]}
{[%emt 00:03:34]} Bxd3 {[%clk 01:22:17]} {[%emt 00:02:07]} 16. cxd3 {[%clk
01:04:49]} {[%emt 00:00:30]} Nd4 {[%clk 01:22:13]} {[%emt 00:00:33]} 17. Rc1
{[%clk 01:03:20]} {[%emt 00:01:59]} Nxf3+ {[%clk 01:10:53]} {[%emt 00:11:50]}
18. Qxf3 {[%clk 01:01:13]} {[%emt 00:02:37]} Qxc1 {[%clk 01:10:40]} {[%emt
00:00:43]} 19. Rxc1+ {[%clk 01:01:30]} {[%emt 00:00:13]} Kb8 {[%clk 01:11:02]}
{[%emt 00:00:08]} 20. h3 {[%clk 00:56:04]} {[%emt 00:05:56]} f6 {[%clk
01:11:17]} {[%emt 00:00:15]} 21. Qf4+ {[%clk 00:55:25]} {[%emt 00:01:06]} Ka8
{[%clk 01:11:36]} {[%emt 00:00:14]} 22. Qc7 {[%clk 00:52:57]} {[%emt 00:02:57]}
g6 {[%clk 01:11:27]} {[%emt 00:00:40]} 23. Qc3 {[%clk 00:50:59]} {[%emt
00:02:19]} f5 {[%clk 01:11:40]} {[%emt 00:00:27]} 24. Qc7 {[%clk 00:46:46]}
{[%emt 00:04:38]} a6 {[%clk 01:11:39]} {[%emt 00:00:36]} 25. Rc3 {[%clk
00:45:49]} {[%emt 00:01:26]} g5 {[%clk 01:10:43]} {[%emt 00:01:26]} 26. Rb3
{[%clk 00:43:18]} {[%emt 00:03:02]} b5 {[%clk 01:09:57]} {[%emt 00:01:15]} 27.
Qb6 {[%clk 00:41:18]} {[%emt 00:02:25]} 1-0

[Event "ODJM C 2024"]
[Site "Willingen GER"]
[Date "2024.05.21"]
[Round "4"]
[White "Giss, Annika"]
[Black "Margaryan, Mari"]
[Result "0-1"]
[Termination "normal"]
[Board "26"]
[WhiteElo "1642"]
[BlackElo "1070"]
[WhiteClock "00:48:10"]
[BlackClock "00:34:25"]
[PlyCount "110"]
[WhiteFideId "34673148"]
[BlackFideId "16279700"]
[EventCountry "GER"]
[EventRounds "9"]
[EventType "swiss"]
[EventDate "2024.05.18"]

1. e4 {[%clk 01:30:58]} {[%emt 00:00:02]} e6 {[%clk 01:30:55]} {[%emt
00:00:05]} 2. d4 {[%clk 01:31:23]} {[%emt 00:00:04]} d5 {[%clk 01:31:16]}
{[%emt 00:00:09]} 3. e5 {[%clk 01:31:47]} {[%emt 00:00:06]} c5 {[%clk
01:31:37]} {[%emt 00:00:09]} 4. c3 {[%clk 01:32:12]} {[%emt 00:00:05]} Qb6
{[%clk 01:31:51]} {[%emt 00:00:17]} 5. Nf3 {[%clk 01:32:26]} {[%emt 00:00:16]}
Nc6 {[%clk 01:32:11]} {[%emt 00:00:11]} 6. a3 {[%clk 01:32:42]} {[%emt
00:00:13]} Nh6 {[%clk 01:32:05]} {[%emt 00:00:36]} 7. b4 {[%clk 01:32:49]}
{[%emt 00:00:23]} cxd4 {[%clk 01:31:54]} {[%emt 00:00:41]} 8. cxd4 {[%clk
01:33:09]} {[%emt 00:00:11]} Nf5 {[%clk 01:31:57]} {[%emt 00:00:27]} 9. Bb2
{[%clk 01:33:09]} {[%emt 00:00:29]} Be7 {[%clk 01:30:06]} {[%emt 00:02:21]} 10.
Bd3 {[%clk 01:31:16]} {[%emt 00:02:23]} O-O {[%clk 01:27:19]} {[%emt 00:03:17]}
11. h4 {[%clk 01:30:42]} {[%emt 00:01:04]} g6 {[%clk 01:24:01]} {[%emt
00:03:47]} 12. Be2 {[%clk 01:29:28]} {[%emt 00:01:44]} a5 {[%clk 01:22:31]}
{[%emt 00:02:00]} 13. b5 {[%clk 01:27:06]} {[%emt 00:02:53]} Na7 {[%clk
01:20:55]} {[%emt 00:02:06]} 14. a4 {[%clk 01:26:51]} {[%emt 00:00:45]} Bb4+
{[%clk 01:19:19]} {[%emt 00:02:06]} 15. Bc3 {[%clk 01:25:45]} {[%emt 00:01:36]}
Bd7 {[%clk 01:19:21]} {[%emt 00:00:28]} 16. Qd2 {[%clk 01:24:19]} {[%emt
00:01:56]} Rfc8 {[%clk 01:15:24]} {[%emt 00:04:27]} 17. Bxb4 {[%clk 01:18:17]}
{[%emt 00:06:32]} axb4 {[%clk 01:15:36]} {[%emt 00:00:19]} 18. Qxb4 {[%clk
01:16:37]} {[%emt 00:02:09]} Rc1+ {[%clk 01:15:49]} {[%emt 00:00:17]} 19. Bd1
{[%clk 01:16:49]} {[%emt 00:00:17]} Nxb5 {[%clk 01:16:05]} {[%emt 00:00:14]}
20. Qb2 {[%clk 01:16:06]} {[%emt 00:01:13]} Qa5+ {[%clk 01:08:44]} {[%emt
00:07:51]} 21. Nfd2 {[%clk 01:14:08]} {[%emt 00:02:27]} Rcc8 {[%clk 01:06:11]}
{[%emt 00:03:02]} 22. Be2 {[%clk 01:08:57]} {[%emt 00:05:42]} Nbxd4 {[%clk
01:05:52]} {[%emt 00:00:49]} 23. Bd3 {[%clk 01:07:25]} {[%emt 00:02:02]} b5
{[%clk 01:00:00]} {[%emt 00:06:22]} 24. O-O {[%clk 01:06:00]} {[%emt 00:01:55]}
bxa4 {[%clk 00:55:41]} {[%emt 00:04:49]} 25. Ra3 {[%clk 01:02:24]} {[%emt
00:04:07]} Nb5 {[%clk 00:50:35]} {[%emt 00:05:35]} 26. Nb3 {[%clk 00:58:00]}
{[%emt 00:04:55]} Qb4 {[%clk 00:48:34]} {[%emt 00:02:31]} 27. Bxb5 {[%clk
00:57:26]} {[%emt 00:01:03]} Bxb5 {[%clk 00:48:44]} {[%emt 00:00:20]} 28. Rd1
{[%clk 00:56:34]} {[%emt 00:01:21]} Bc4 {[%clk 00:47:08]} {[%emt 00:02:07]} 29.
N1d2 {[%clk 00:55:45]} {[%emt 00:01:19]} Bxb3 {[%clk 00:46:58]} {[%emt
00:00:40]} 30. Nxb3 {[%clk 00:55:44]} {[%emt 00:00:31]} Rc3 {[%clk 00:46:24]}
{[%emt 00:01:03]} 31. Rb1 {[%clk 00:54:25]} {[%emt 00:01:49]} Rb8 {[%clk
00:45:24]} {[%emt 00:01:30]} 32. Rxa4 {[%clk 00:51:41]} {[%emt 00:03:15]} Qxb3
{[%clk 00:41:40]} {[%emt 00:04:14]} 33. Qxb3 {[%clk 00:49:20]} {[%emt
00:02:51]} Rcxb3 {[%clk 00:41:53]} {[%emt 00:00:17]} 34. Rxb3 {[%clk 00:48:52]}
{[%emt 00:00:58]} Rxb3 {[%clk 00:42:17]} {[%emt 00:00:07]} 35. Ra8+ {[%clk
00:48:44]} {[%emt 00:00:38]} Kg7 {[%clk 00:42:34]} {[%emt 00:00:12]} 36. Ra4
{[%clk 00:49:05]} {[%emt 00:00:09]} Rb1+ {[%clk 00:42:44]} {[%emt 00:00:20]}
37. Kh2 {[%clk 00:49:29]} {[%emt 00:00:06]} d4 {[%clk 00:42:56]} {[%emt
00:00:17]} 38. Ra3 {[%clk 00:48:56]} {[%emt 00:01:03]} Nxh4 {[%clk 00:43:15]}
{[%emt 00:00:12]} 39. Rd3 {[%clk 00:49:14]} {[%emt 00:00:12]} Nf5 {[%clk
00:43:30]} {[%emt 00:00:14]} 40. g4 {[%clk 00:49:27]} {[%emt 00:00:18]} Ne7
{[%clk 00:43:39]} {[%emt 00:00:20]} 41. Rxd4 {[%clk 00:49:43]} {[%emt
00:00:14]} Nc6 {[%clk 00:43:46]} {[%emt 00:00:24]} 42. Re4 {[%clk 00:50:02]}
{[%emt 00:00:11]} Rb5 {[%clk 00:43:34]} {[%emt 00:00:42]} 43. f4 {[%clk
00:50:18]} {[%emt 00:00:14]} f5 {[%clk 00:42:39]} {[%emt 00:01:26]} 44. exf6+
{[%clk 00:48:33]} {[%emt 00:02:15]} Kxf6 {[%clk 00:42:49]} {[%emt 00:00:19]}
45. Kh3 {[%clk 00:48:39]} {[%emt 00:00:24]} e5 {[%clk 00:43:01]} {[%emt
00:00:17]} 46. Kh4 {[%clk 00:48:49]} {[%emt 00:00:22]} h6 {[%clk 00:41:48]}
{[%emt 00:01:43]} 47. fxe5+ {[%clk 00:48:46]} {[%emt 00:00:33]} Nxe5 {[%clk
00:40:41]} {[%emt 00:01:37]} 48. Rf4+ {[%clk 00:48:37]} {[%emt 00:00:39]} Ke6
{[%clk 00:41:04]} {[%emt 00:00:07]} 49. Re4 {[%clk 00:48:35]} {[%emt 00:00:33]}
Kd6 {[%clk 00:39:45]} {[%emt 00:01:48]} 50. Ra4 {[%clk 00:48:21]} {[%emt
00:00:44]} Kd5 {[%clk 00:38:14]} {[%emt 00:02:02]} 51. Ra6 {[%clk 00:48:26]}
{[%emt 00:00:26]} Rb4 {[%clk 00:38:29]} {[%emt 00:00:14]} 52. Ra5+ {[%clk
00:48:39]} {[%emt 00:00:17]} Ke4 {[%clk 00:38:20]} {[%emt 00:00:39]} 53. Kg3
{[%clk 00:48:15]} {[%emt 00:00:54]} Rb3+ {[%clk 00:37:15]} {[%emt 00:01:36]}
54. Kh4 {[%clk 00:48:07]} {[%emt 00:00:38]} g5 {[%clk 00:34:37]} {[%emt
00:03:08]} 55. Kh5 {[%clk 00:48:10]} {[%emt 00:00:27]} Rh3+ {[%clk 00:34:25]}
0-1

[Event "ODJM C 2024"]
[Site "Willingen GER"]
[Date "2024.05.21"]
[Round "4"]
[White "Schwarzfischer, Ramona"]
[Black "Claussen, Daniela"]
[Result "0-1"]
[Termination "normal"]
[Board "29"]
[WhiteElo "974"]
[BlackElo "1436"]
[WhiteClock "01:01:40"]
[BlackClock "01:02:09"]
[PlyCount "120"]
[WhiteFideId "16268113"]
[BlackFideId "16248929"]
[EventCountry "GER"]
[EventRounds "9"]
[EventType "swiss"]
[EventDate "2024.05.18"]

1. d4 {[%clk 01:30:59]} e6 {[%clk 01:30:50]} {[%emt 00:00:11]} 2. e4 {[%clk
01:31:24]} {[%emt 00:00:05]} b6 {[%clk 01:31:13]} {[%emt 00:00:07]} 3. Bd3
{[%clk 01:31:45]} {[%emt 00:00:09]} Bb7 {[%clk 01:31:33]} {[%emt 00:00:10]} 4.
Nc3 {[%clk 01:31:58]} {[%emt 00:00:17]} Bb4 {[%clk 01:31:47]} {[%emt 00:00:16]}
5. Nge2 {[%clk 01:31:17]} {[%emt 00:01:10]} Nf6 {[%clk 01:31:14]} {[%emt
00:01:03]} 6. f3 {[%clk 01:31:21]} {[%emt 00:00:27]} O-O {[%clk 01:30:25]}
{[%emt 00:01:19]} 7. a3 {[%clk 01:30:30]} {[%emt 00:01:21]} Bxc3+ {[%clk
01:30:36]} {[%emt 00:00:19]} 8. Nxc3 {[%clk 01:30:40]} {[%emt 00:00:20]} d6
{[%clk 01:29:59]} {[%emt 00:01:07]} 9. Be3 {[%clk 01:29:41]} {[%emt 00:01:29]}
Nbd7 {[%clk 01:29:09]} {[%emt 00:01:20]} 10. Qd2 {[%clk 01:28:37]} {[%emt
00:01:34]} Kh8 {[%clk 01:23:44]} {[%emt 00:05:55]} 11. h4 {[%clk 01:27:56]}
{[%emt 00:01:11]} g6 {[%clk 01:21:38]} {[%emt 00:02:36]} 12. g4 {[%clk
01:26:00]} {[%emt 00:02:25]} c5 {[%clk 01:17:13]} {[%emt 00:04:56]} 13. O-O-O
{[%clk 01:24:34]} {[%emt 00:01:55]} cxd4 {[%clk 01:16:35]} {[%emt 00:01:09]}
14. Bxd4 {[%clk 01:24:56]} {[%emt 00:00:08]} e5 {[%clk 01:16:43]} {[%emt
00:00:22]} 15. Bf2 {[%clk 01:24:15]} {[%emt 00:01:10]} d5 {[%clk 01:15:34]}
{[%emt 00:01:40]} 16. h5 {[%clk 01:18:44]} {[%emt 00:06:01]} dxe4 {[%clk
01:13:58]} {[%emt 00:02:06]} 17. Nxe4 {[%clk 01:18:16]} {[%emt 00:00:58]} Nxe4
{[%clk 01:14:00]} {[%emt 00:00:29]} 18. fxe4 {[%clk 01:17:10]} {[%emt
00:01:35]} Nf6 {[%clk 01:13:27]} {[%emt 00:01:03]} 19. Qg5 {[%clk 01:14:51]}
{[%emt 00:02:49]} Nxe4 {[%clk 01:12:22]} {[%emt 00:01:35]} 20. Qxe5+ {[%clk
01:14:47]} {[%emt 00:00:34]} Qf6 {[%clk 01:10:20]} {[%emt 00:02:32]} 21. Qxf6+
{[%clk 01:12:49]} {[%emt 00:02:27]} Nxf6 {[%clk 01:10:30]} {[%emt 00:00:19]}
22. Rh4 {[%clk 01:12:57]} {[%emt 00:00:20]} g5 {[%clk 01:08:32]} {[%emt
00:02:31]} 23. Rh3 {[%clk 01:11:41]} {[%emt 00:01:46]} Nxg4 {[%clk 01:08:15]}
{[%emt 00:00:47]} 24. Bd4+ {[%clk 01:11:48]} {[%emt 00:00:23]} f6 {[%clk
01:07:51]} {[%emt 00:00:54]} 25. Rf1 {[%clk 01:11:38]} {[%emt 00:00:37]} Bg2
{[%clk 01:07:52]} {[%emt 00:00:32]} 26. Rff3 {[%clk 01:07:45]} {[%emt
00:04:23]} Bxh3 {[%clk 01:06:37]} {[%emt 00:01:46]} 27. Rxh3 {[%clk 01:08:10]}
{[%emt 00:00:05]} Rad8 {[%clk 01:06:41]} {[%emt 00:00:27]} 28. Bg1 {[%clk
01:05:47]} {[%emt 00:02:52]} Rfe8 {[%clk 01:05:16]} {[%emt 00:01:56]} 29. Kd2
{[%clk 01:05:06]} {[%emt 00:01:11]} Ne5 {[%clk 01:05:06]} {[%emt 00:00:40]} 30.
Ke3 {[%clk 01:04:20]} {[%emt 00:01:16]} Nxd3+ {[%clk 01:05:11]} {[%emt
00:00:25]} 31. Kf3 {[%clk 01:04:35]} {[%emt 00:00:46]} Nxb2 {[%clk 01:04:43]}
{[%emt 00:01:27]} 32. Kg4 {[%clk 01:04:46]} {[%emt 00:00:18]} Re4+ {[%clk
01:04:38]} {[%emt 00:00:36]} 33. Kf5 {[%clk 01:04:51]} {[%emt 00:00:24]} Rf4+
{[%clk 01:04:54]} {[%emt 00:00:16]} 34. Ke6 {[%clk 01:05:02]} {[%emt 00:00:18]}
Nc4 {[%clk 01:04:13]} {[%emt 00:01:11]} 35. Bh2 {[%clk 01:04:08]} {[%emt
00:01:23]} Rd6+ {[%clk 01:03:58]} {[%emt 00:00:47]} 36. Ke7 {[%clk 01:01:28]}
{[%emt 00:03:10]} Re4+ {[%clk 01:04:08]} {[%emt 00:00:19]} 37. Kf8 {[%clk
01:01:12]} {[%emt 00:00:47]} Rd8+ {[%clk 01:04:21]} {[%emt 00:00:16]} 38. Kf7
{[%clk 01:01:34]} {[%emt 00:00:09]} Rh4 {[%clk 01:02:16]} {[%emt 00:02:35]} 39.
Rxh4 {[%clk 01:00:14]} {[%emt 00:01:51]} gxh4 {[%clk 01:02:32]} {[%emt
00:00:14]} 40. Kxf6 {[%clk 01:00:36]} {[%emt 00:00:06]} Rd2 {[%clk 01:02:27]}
{[%emt 00:00:36]} 41. Bf4 {[%clk 00:59:55]} {[%emt 00:01:10]} Rf2 {[%clk
01:02:05]} {[%emt 00:00:53]} 42. Kg5 {[%clk 01:00:18]} {[%emt 00:00:08]} h3
{[%clk 01:01:25]} {[%emt 00:01:11]} 43. Bg3 {[%clk 00:58:37]} {[%emt 00:02:10]}
Rg2 {[%clk 01:01:22]} {[%emt 00:00:33]} 44. Kf4 {[%clk 00:58:02]} {[%emt
00:01:04]} h2 {[%clk 01:01:29]} {[%emt 00:00:23]} 45. Bxh2 {[%clk 00:58:07]}
{[%emt 00:00:25]} Rxh2 {[%clk 01:01:52]} {[%emt 00:00:07]} 46. Ke4 {[%clk
00:57:43]} {[%emt 00:00:53]} Rxh5 {[%clk 01:02:04]} {[%emt 00:00:20]} 47. Kd4
{[%clk 00:58:03]} {[%emt 00:00:09]} Nxa3 {[%clk 01:02:25]} {[%emt 00:00:09]}
48. Kc3 {[%clk 00:58:28]} {[%emt 00:00:05]} Rc5+ {[%clk 01:02:41]} {[%emt
00:00:14]} 49. Kb3 {[%clk 00:58:51]} {[%emt 00:00:07]} Nxc2 {[%clk 01:03:01]}
{[%emt 00:00:10]} 50. Ka4 {[%clk 00:59:06]} {[%emt 00:00:16]} h5 {[%clk
01:03:12]} {[%emt 00:00:19]} 51. Kb3 {[%clk 00:59:26]} {[%emt 00:00:10]} h4
{[%clk 01:03:23]} {[%emt 00:00:19]} 52. Ka4 {[%clk 00:59:48]} {[%emt 00:00:08]}
h3 {[%clk 01:03:43]} {[%emt 00:00:10]} 53. Kb3 {[%clk 01:00:16]} {[%emt
00:00:02]} h2 {[%clk 01:04:04]} {[%emt 00:00:08]} 54. Ka4 {[%clk 01:00:45]}
{[%emt 00:00:02]} h1=N {[%emt 00:00:08]} 55. Kb3 {[%clk 01:01:02]} {[%emt
00:00:12]} Nf2 {[%clk 01:04:40]} {[%emt 00:00:16]} 56. Ka4 {[%clk 01:01:26]}
{[%emt 00:00:06]} Ne4 {[%clk 01:04:31]} {[%emt 00:00:39]} 57. Kb3 {[%clk
01:01:42]} {[%emt 00:00:14]} Nd4+ {[%clk 01:04:32]} {[%emt 00:00:29]} 58. Ka4
{[%clk 01:01:30]} {[%emt 00:00:38]} Nc3+ {[%clk 01:04:39]} {[%emt 00:00:28]}
59. Kb4 {[%clk 01:01:38]} {[%emt 00:00:19]} Nd5+ {[%clk 01:02:40]} {[%emt
00:02:31]} 60. Ka4 {[%clk 01:01:40]} {[%emt 00:00:27]} Ra5# {[%clk 01:02:09]}
{[%emt 00:00:32]} 0-1